LIBRARY & INFORMATION CENTRE, KCAET, TAVANUR

ONLINE PUBLIC ACCESS CATALOGUE (OPAC)

Nammude deseeya samarathil / (Record no. 4602)

MARC details
000 -LEADER
fixed length control field 00374cam a2200145ua 4500
003 - CONTROL NUMBER IDENTIFIER
control field OSt
008 - FIXED-LENGTH DATA ELEMENTS--GENERAL INFORMATION
fixed length control field 240213b |||||||| |||| 00| 0 eng d
041 ## - LANGUAGE CODE
Language code of text/sound track or separate title mal
082 ## - DEWEY DECIMAL CLASSIFICATION NUMBER
Classification number 954
Item number JOS/NA
100 ## - MAIN ENTRY--AUTHOR NAME
Personal name Joshi, P.C .
245 ## - TITLE STATEMENT
Title Nammude deseeya samarathil /
260 ## - PUBLICATION, DISTRIBUTION, ETC. (IMPRINT)
Place of publication Kottayam :
Name of publisher Prabhatham printing and publishing co. pvt. ltd..
300 ## - PHYSICAL DESCRIPTION
Number of Pages 180 ; .
942 ## - ADDED ENTRY ELEMENTS (KOHA)
Koha item type Books
Holdings
Withdrawn status Lost status Damaged status Home library Current library Date acquired Full call number Accession Number Koha item type Public note
Withdrawn     KAUAET Kelappaji 07/04/2012 954 218 Books Transferred from KCAET
free website counter